000 00782cam a2200265 a 4500
001 146296
003 OSt
005 20180921
008 0000002008 AFN 0000000000ang00
245 _aPhysicians´desk reference
_cvice-Kevin D. Sanborn ... [et al.]
250 _a62
260 _a[s. n.] :
_bThomson
300 _a14, 101-121, 201-214, [], 303-336, 403-3480 p.
650 _aMedicamentos
_aPreparaciones farmaceuticas
_aProductos biológicos
700 _aSanborn, Kevin D
040 _aDLC
_cDLC
942 _2ddc
_cBK
999 _c146296
_d14629600